[Event "29th SPRING FESTIVAL -  BUDAPEST"]
[Site "Budapest"]
[Date "2012.03.18"]
[Round "1.1"]
[White "Hujbert, Florian"]
[Black "Horvath, Jeno Kalman"]
[Result "1-0"]
[WhiteElo "2429"]
[BlackElo "2029"]
[PlyCount "95"]
[EventDate "2012.03.18"]

1. d4 Nf6 2. c4 e6 3. Nc3 Bb4 4. Bg5 h6 5. Bh4 d5 6. e3 O-O 7. cxd5 exd5 8. Bd3
c5 9. a3 Bxc3+ 10. bxc3 Nbd7 11. Ne2 cxd4 12. cxd4 Nb6 13. O-O Bd7 14. Nc3 Bc6
15. Qb3 Nbd7 16. Rfc1 Qb6 17. Qb4 Qxb4 18. axb4 a6 19. f3 Rfe8 20. Kf2 g5 21.
Bg3 Nb6 22. b5 axb5 23. Nxb5 Rxa1 24. Rxa1 Ra8 25. Rxa8+ Nxa8 26. Nd6 Ne8 27.
Nf5 h5 28. h4 gxh4 29. Bxh4 Nac7 30. Ng3 Kf8 31. Nxh5 b5 32. Ke2 Nd6 33. Be1
Na6 34. g4 Nc4 35. Nf4 Ke7 36. e4 Nc7 37. Bb4+ Kd7 38. e5 Ke8 39. Bf5 Na6 40.
Nd3 Nb2 41. Bd6 Nc4 42. Bc8 Nxd6 43. Bxa6 Bb7 44. Bxb7 Nxb7 45. Nb4 Na5 46.
Nxd5 Nb3 47. Kd3 Nc1+ 48. Kd2 1-0

[Event "29th SPRING FESTIVAL -  BUDAPEST"]
[Site "Budapest"]
[Date "2012.03.18"]
[Round "1.2"]
[White "Opl, Klaus"]
[Black "Horvath, David"]
[Result "0-1"]
[WhiteElo "2010"]
[BlackElo "2389"]
[PlyCount "62"]
[EventDate "2012.03.18"]

1. e4 c6 2. d4 g6 3. Nc3 Bg7 4. Be2 d6 5. h4 h5 6. Nf3 Bg4 7. Be3 d5 8. Ng5
Bxe2 9. Qxe2 e6 10. exd5 cxd5 11. Qb5+ Nc6 12. Qxb7 Nge7 13. Qb5 Rb8 14. Qd3
Rxb2 15. O-O Nf5 16. Ne2 Nxh4 17. Qc3 Qb6 18. Bc1 Rb4 19. Be3 Nf5 20. Rad1 O-O
21. Nf3 Rc8 22. Qd2 Rb2 23. a3 Na5 24. Rc1 Nc4 25. Qd3 Ncxe3 26. fxe3 Qc6 27.
Ne1 Qc4 28. Qxc4 Rxc4 29. Rf3 Bh6 30. Kf2 Ra2 31. Nd3 Rcxc2 0-1

[Event "29th SPRING FESTIVAL -  BUDAPEST"]
[Site "Budapest"]
[Date "2012.03.18"]
[Round "1.3"]
[White "Zentai, Peter"]
[Black "Csati, Oliver"]
[Result "1-0"]
[WhiteElo "2269"]
[BlackElo "1972"]
[PlyCount "29"]
[EventDate "2012.03.18"]

1. d4 Nf6 2. c4 c5 3. d5 b5 4. Qc2 bxc4 5. e4 Na6 6. a3 Qa5+ 7. Bd2 Nb4 8. Qxc4
Ba6 9. Bxb4 cxb4 10. Qxa6 Qc7 11. Nd2 Qe5 12. Qb7 Rb8 13. Ngf3 Qf4 14. Qxa7
bxa3 15. e5 1-0

[Event "29th SPRING FESTIVAL -  BUDAPEST"]
[Site "Budapest"]
[Date "2012.03.18"]
[Round "1.4"]
[White "Letay, Gyula"]
[Black "Bach, Matthias"]
[Result "0-1"]
[WhiteElo "1967"]
[BlackElo "2263"]
[PlyCount "65"]
[EventDate "2012.03.18"]

1. e4 d6 2. d3 Nd7 3. Nf3 e6 4. g3 Be7 5. Bg2 h5 6. h4 Nh6 7. Nbd2 Ng4 8. Nc4
Nc5 9. Qe2 e5 10. d4 exd4 11. Nxd4 Bf6 12. c3 Qe7 13. f3 Ne5 14. Nxe5 Bxe5 15.
Bf4 g6 16. O-O-O Bd7 17. Rhe1 Bxf4+ 18. gxf4 Qxh4 19. Qd2 O-O-O 20. Qe3 Kb8 21.
e5 Rhe8 22. Bf1 f6 23. Bb5 fxe5 24. Bxd7 Nxd7 25. f5 gxf5 26. Nxf5 Qf6 27. Ng3
Rf8 28. Rf1 h4 29. Ne4 Qf4 30. Qxf4 Rxf4 31. Ng5 Rg8 32. Nh3 Rf5 33. Rd2 0-1

[Event "29th SPRING FESTIVAL -  BUDAPEST"]
[Site "Budapest"]
[Date "2012.03.18"]
[Round "1.6"]
[White "Wiman, Kenneth"]
[Black "Kubacsny, Laszlo"]
[Result "0-1"]
[WhiteElo "1918"]
[BlackElo "2256"]
[PlyCount "108"]
[EventDate "2012.03.18"]

1. d4 Nf6 2. c4 c5 3. Nf3 g6 4. Nc3 Bg7 5. e4 O-O 6. Be2 d6 7. O-O a6 8. dxc5
dxc5 9. Qxd8 Rxd8 10. Be3 Nbd7 11. Rfd1 Re8 12. h3 h6 13. Rac1 g5 14. Nd2 b6
15. b3 Bb7 16. f3 e6 17. Nf1 Bc6 18. Bf2 Rac8 19. Ne3 Nh5 20. Bf1 Ne5 21. Ng4
Ng6 22. Ne3 Nf6 23. Ne2 h5 24. g4 h4 25. Be1 Nd7 26. Bc3 Nde5 27. Kf2 b5 28.
Ng1 b4 29. Bxe5 Bxe5 30. Ne2 a5 31. Nc2 a4 32. Rb1 Ra8 33. Nc1 Nf4 34. Nd3
Nxd3+ 35. Bxd3 axb3 36. axb3 Ra2 37. Kf1 Kg7 38. Rbc1 Rea8 39. Rb1 Kf6 40. Ke2
Bc3 41. Ke3 Ke5 42. Rf1 Rd8 43. Rfc1 Bb2 44. Rd1 Bd4+ 45. Ke2 Kf4 46. Rd2 Bc3
47. Rdd1 f5 48. Rf1 Rxc2+ 49. Bxc2 Rd2+ 50. Ke1 Rxc2+ 51. Kd1 Rh2 52. exf5 exf5
53. gxf5 Bxf3+ 54. Kc1 Bd2+ 0-1

[Event "29th SPRING FESTIVAL -  BUDAPEST"]
[Site "Budapest"]
[Date "2012.03.18"]
[Round "1.7"]
[White "Szalanczy, Emil"]
[Black "Marcu, Simon"]
[Result "1-0"]
[WhiteElo "2237"]
[BlackElo "1910"]
[PlyCount "81"]
[EventDate "2012.03.18"]

1. c4 e5 2. Nc3 d6 3. g3 f5 4. Bg2 Nf6 5. Nf3 Be7 6. d3 O-O 7. O-O Nc6 8. Bg5
Rb8 9. Rc1 Bd7 10. e3 Be8 11. a3 Bh5 12. Qa4 Nd7 13. Bxe7 Qxe7 14. b4 a5 15.
Nd5 Qd8 16. Qc2 axb4 17. axb4 Bxf3 18. Bxf3 Ne7 19. c5 dxc5 20. bxc5 c6 21.
Nxe7+ Qxe7 22. d4 e4 23. Bg2 Nf6 24. Ra1 Ra8 25. Ra2 Rxa2 26. Qxa2+ Nd5 27. Rb1
h6 28. Bf1 Kh7 29. Qa7 Rf7 30. Bc4 f4 31. exf4 e3 32. Bxd5 cxd5 33. Qa2 Qe4 34.
fxe3 Qxe3+ 35. Qf2 Qd3 36. Re1 g5 37. Qe3 Qg6 38. fxg5 hxg5 39. Qe6 Rf6 40.
Qxd5 Qc2 41. Qe4+ 1-0

[Event "29th SPRING FESTIVAL -  BUDAPEST"]
[Site "Budapest"]
[Date "2012.03.18"]
[Round "1.8"]
[White "Simon, Lili"]
[Black "Brustkern, Juergen"]
[Result "0-1"]
[WhiteElo "1876"]
[BlackElo "2237"]
[PlyCount "80"]
[EventDate "2012.03.18"]

1. c4 e5 2. g3 h5 3. h4 Nc6 4. Bg2 Bc5 5. Nf3 d6 6. O-O Be6 7. d3 Qd7 8. Ng5
Bg4 9. Nc3 f6 10. Nge4 Bb6 11. Nd5 O-O-O 12. b4 Nd4 13. Nxb6+ axb6 14. f3 Bh3
15. a4 g5 16. hxg5 Bxg2 17. Kxg2 f5 18. Nf2 Ne7 19. a5 Ng6 20. axb6 cxb6 21.
Ra8+ Kc7 22. Rxd8 Kxd8 23. Rh1 Kc7 24. Bb2 h4 25. Bxd4 exd4 26. Qa1 Qe7 27. f4
Qe3 28. gxh4 Nxf4+ 29. Kf1 Qxe2+ 30. Kg1 Qe3 31. Kf1 Nxd3 32. Nxd3 Qxd3+ 33.
Kg2 Qe2+ 34. Kg1 Qg4+ 35. Kf2 Rxh4 36. Rxh4 Qxh4+ 37. Ke2 Qe4+ 38. Kf2 Qe3+ 39.
Kf1 f4 40. g6 Qh3+ 0-1

[Event "29th SPRING FESTIVAL -  BUDAPEST"]
[Site "Budapest"]
[Date "2012.03.18"]
[Round "1.10"]
[White "Lim, Kian Hwa"]
[Black "Koczo, Kristof"]
[Result "1/2-1/2"]
[WhiteElo "1839"]
[BlackElo "2219"]
[PlyCount "76"]
[EventDate "2012.03.18"]

1. e4 c5 2. Nc3 Nc6 3. g3 g6 4. Bg2 Bg7 5. d3 d6 6. Be3 Nd4 7. Qd2 e6 8. Nd1
Rb8 9. c3 Nc6 10. Ne2 b6 11. f4 Nge7 12. g4 f5 13. h3 Qc7 14. Ng3 Bf6 15. O-O
Bb7 16. Bf2 Bh4 17. Ne3 e5 18. Nd5 Nxd5 19. exd5 exf4 20. dxc6 fxg3 21. Qe1+
Kd8 22. Bxg3 Bxg3 23. Qxg3 Bxc6 24. gxf5 Bxg2 25. Qxg2 Rg8 26. Rae1 Qf7 27. f6
Rb7 28. Re7 Rxe7 29. fxe7+ Qxe7 30. Qa8+ Kd7 31. Qxa7+ Ke8 32. Qb8+ Qd8 33.
Re1+ Kf7 34. Qb7+ Kf6 35. Rf1+ Kg5 36. Qxh7 Qe8 37. Rf2 Qe1+ 38. Kg2 Qe6
1/2-1/2

[Event "29th SPRING FESTIVAL -  BUDAPEST"]
[Site "Budapest"]
[Date "2012.03.18"]
[Round "1.11"]
[White "Juhasz, Armin"]
[Black "Dlauchy, Peter"]
[Result "1-0"]
[WhiteElo "2192"]
[BlackElo "1832"]
[PlyCount "87"]
[EventDate "2012.03.18"]

1. c4 e6 2. Nc3 d5 3. d4 Nf6 4. cxd5 exd5 5. Bg5 Be7 6. e3 c6 7. Bd3 Nbd7 8.
Qc2 O-O 9. Nf3 Re8 10. h3 Nf8 11. O-O Ng6 12. Ne5 Nd7 13. Bxe7 Qxe7 14. Nxd7
Bxd7 15. Rab1 Kh8 16. Rbe1 Nh4 17. f4 Qf6 18. g4 Ng6 19. Qf2 Qd6 20. Ne2 Nf8
21. a3 Re7 22. Ng3 Rae8 23. f5 Qh6 24. f6 gxf6 25. e4 Qxh3 26. Qxf6+ Kg8 27.
Re3 Ng6 28. Nf5 Qxg4+ 29. Rg3 Bxf5 30. Rxg4 Bxg4 31. e5 Be6 32. b4 a6 33. Rf2
Bc8 34. Rh2 Re6 35. Qf3 Kg7 36. Qh5 Rh8 37. Bf5 Ree8 38. Qh6+ Kg8 39. Bxc8 Rxc8
40. Rf2 Re8 41. Rf6 Re7 42. Rd6 Re8 43. Rd7 Rb8 44. Rc7 1-0

[Event "29th SPRING FESTIVAL -  BUDAPEST"]
[Site "Budapest"]
[Date "2012.03.18"]
[Round "1.12"]
[White "Polyanszky-Tamasi, Zoltan"]
[Black "Juracsik, Jozsef"]
[Result "0-1"]
[WhiteElo "1811"]
[BlackElo "2136"]
[PlyCount "54"]
[EventDate "2012.03.18"]

1. Nf3 Nf6 2. c4 c5 3. Nc3 g6 4. d4 cxd4 5. Nxd4 Bg7 6. e4 Nc6 7. Be2 Nxe4 8.
Nxc6 Nxc3 9. Nxd8 Nxd1 10. Nxf7 Kxf7 11. Kxd1 d6 12. Bd3 Be6 13. Rb1 Rac8 14.
b3 d5 15. cxd5 Bxd5 16. f3 Rhd8 17. Ke2 Be6 18. Be3 Rxd3 19. Kxd3 Bf5+ 20. Kd2
Rc2+ 21. Kd1 Rxg2 22. Rc1 Rxa2 23. Bd2 Be6 24. b4 Bd5 25. Rf1 b5 26. f4 Bf6 27.
Rf2 Bh4 0-1

[Event "29th SPRING FESTIVAL -  BUDAPEST"]
[Site "Budapest"]
[Date "2012.03.18"]
[Round "1.13"]
[White "Borda, Lajos"]
[Black "Allahverdi, Maryam"]
[Result "1-0"]
[WhiteElo "2135"]
[BlackElo "1807"]
[PlyCount "89"]
[EventDate "2012.03.18"]

1. e4 e5 2. Bc4 Nf6 3. d3 Be7 4. Ne2 c6 5. Nd2 d5 6. Bb3 O-O 7. O-O Be6 8. Ng3
Qc7 9. c3 c5 10. Qe1 Nc6 11. h3 a6 12. Nf3 h6 13. Nf5 Bd8 14. N3h4 Kh7 15. f4
exf4 16. Bxf4 Qd7 17. Bd6 Be7 18. Bxe7 Nxe7 19. Nxe7 Qxe7 20. exd5 c4 21. dxc4
Qc5+ 22. Qf2 Qxf2+ 23. Rxf2 Bd7 24. Re1 Rae8 25. Rfe2 Nh5 26. Rxe8 Rxe8 27.
Rxe8 Bxe8 28. Nf5 Nf6 29. Nd6 b5 30. cxb5 axb5 31. Nxe8 Nxe8 32. a4 bxa4 33.
Bxa4 Nd6 34. Bc2+ Kg8 35. Kf2 Kf8 36. Ke3 Ke7 37. Kd4 Kd7 38. c4 f6 39. Bd3 Nf7
40. b4 Kc7 41. c5 Ne5 42. Be4 Kd7 43. b5 Kc7 44. b6+ Kc8 45. c6 1-0

[Event "29th SPRING FESTIVAL -  BUDAPEST"]
[Site "Budapest"]
[Date "2012.03.18"]
[Round "1.15"]
[White "Marjanovics, Gyorgy"]
[Black "Schatzer, Andras"]
[Result "1-0"]
[WhiteElo "2116"]
[BlackElo "1782"]
[PlyCount "85"]
[EventDate "2012.03.18"]

1. e4 c5 2. Nf3 Nc6 3. d4 cxd4 4. Nxd4 g6 5. c4 Nf6 6. Nc3 Nxd4 7. Qxd4 d6 8.
Bg5 Bg7 9. Be2 O-O 10. Qd2 Qa5 11. O-O Be6 12. Bh6 Rfc8 13. Bxg7 Kxg7 14. Qd4
Qc5 15. Qxc5 Rxc5 16. b3 a6 17. Na4 Rc7 18. Bd3 b5 19. cxb5 axb5 20. Bxb5 Nxe4
21. Bd3 Nc5 22. Rfc1 Rca7 23. Nxc5 dxc5 24. Be4 Rd8 25. Kf1 Rd2 26. Rc2 Rxc2
27. Bxc2 c4 28. b4 Ra3 29. Ke2 c3 30. Ke3 Rxa2 31. Rxa2 Bxa2 32. Kd4 f5 33.
Kxc3 Bd5 34. g3 e5 35. Bb3 Bb7 36. Kc4 f4 37. gxf4 exf4 38. Kc5 h5 39. Bd5 Bc8
40. b5 g5 41. Kd6 g4 42. Kc7 Bf5 43. b6 1-0

[Event "29th SPRING FESTIVAL -  BUDAPEST"]
[Site "Budapest"]
[Date "2012.03.18"]
[Round "1.16"]
[White "Pogats, Jozsef Jr"]
[Black "Piroska, Istvan"]
[Result "0-1"]
[WhiteElo "1781"]
[BlackElo "2082"]
[PlyCount "82"]
[EventDate "2012.03.18"]

1. e4 e5 2. Nf3 Nc6 3. Bb5 a6 4. Ba4 Nf6 5. O-O Be7 6. Re1 b5 7. Bb3 d6 8. c3
O-O 9. h3 Na5 10. Bc2 c5 11. d4 cxd4 12. cxd4 Qc7 13. Nbd2 Nc6 14. d5 Nb4 15.
Bb1 a5 16. a3 Na6 17. Nf1 Bd7 18. Be3 Nc5 19. Ng3 Rfc8 20. Bc2 a4 21. Rc1 Qb7
22. Nh2 b4 23. axb4 Qxb4 24. Rb1 Nb3 25. f4 exf4 26. Bxf4 Qc5+ 27. Be3 Qxc2 28.
Qf3 Nd2 29. Bxd2 Qxd2 30. Kh1 Rc2 31. Ne2 Rxb2 32. Rbd1 Qg5 33. e5 dxe5 34. d6
e4 35. Qc3 Rb3 36. Qc7 Bd8 37. Qc2 Rc8 38. Qa2 Ba5 39. Rf1 Rd3 40. Rc1 Rxc1 41.
Rxc1 Rxd6 0-1

[Event "29th SPRING FESTIVAL -  BUDAPEST"]
[Site "Budapest"]
[Date "2012.03.18"]
[Round "1.18"]
[White "Varga, Attila"]
[Black "Grimm, Gyorgy"]
[Result "1/2-1/2"]
[WhiteElo "1758"]
[BlackElo "2066"]
[PlyCount "117"]
[EventDate "2012.03.18"]

1. d4 d5 2. Nf3 c6 3. Bf4 Nf6 4. e3 e6 5. Nbd2 Be7 6. c3 Nbd7 7. Bd3 Nh5 8. Be5
Nhf6 9. Qe2 c5 10. O-O O-O 11. Rfd1 b6 12. Rac1 Bb7 13. Bb1 Rc8 14. Bg3 h6 15.
Ne5 cxd4 16. cxd4 Nxe5 17. Bxe5 Qd7 18. Qd3 g6 19. Nf3 Rxc1 20. Rxc1 Rc8 21.
Qd1 Rc6 22. Bd3 Qc8 23. Rxc6 Qxc6 24. h3 Ne4 25. Qb1 Kf8 26. Bf4 g5 27. Bg3
Nxg3 28. fxg3 Bd6 29. g4 a5 30. Qf1 Qc7 31. Qb1 Ke7 32. Qc2 Qxc2 33. Bxc2 Ba6
34. Kf2 f6 35. Bd1 Bc4 36. b3 Bd3 37. Ne1 Bb1 38. a4 e5 39. Bc2 Bxc2 40. Nxc2
Ke6 41. Ke2 f5 42. gxf5+ Kxf5 43. dxe5 Kxe5 44. Kd3 Bc5 45. Ne1 Ba3 46. Nf3+
Ke6 47. Nd4+ Ke5 48. g4 Bb2 49. Nf5 h5 50. Ng3 h4 51. Nf5 Ba1 52. Ke2 d4 53.
Kd3 dxe3 54. Kxe3 Bc3 55. Nh6 Bd4+ 56. Kf3 Bc5 57. Nf7+ Kf6 58. Nh6 Ke5 59.
Nf7+ 1/2-1/2

[Event "29th SPRING FESTIVAL -  BUDAPEST"]
[Site "Budapest"]
[Date "2012.03.18"]
[Round "1.19"]
[White "Gal, Hanna Krisztina"]
[Black "Domanski, Lukasz"]
[Result "1-0"]
[WhiteElo "2057"]
[BlackElo "1594"]
[PlyCount "55"]
[EventDate "2012.03.18"]

1. e4 c5 2. Nf3 e6 3. c4 Nc6 4. d4 cxd4 5. Nxd4 Nf6 6. Nc3 Bb4 7. Nxc6 bxc6 8.
Bd3 d5 9. cxd5 cxd5 10. Qa4+ Bd7 11. Qxb4 Qe7 12. Qxe7+ Kxe7 13. exd5 exd5 14.
O-O Rhe8 15. Bg5 Be6 16. Rfe1 Kf8 17. Rad1 Kg8 18. h3 a6 19. Bc2 Rad8 20. Ba4
Rf8 21. Bb3 d4 22. Ne4 Bf5 23. Nxf6+ gxf6 24. Bxf6 Rd7 25. Rxd4 Rxd4 26. Bxd4
Rd8 27. Bf6 Rc8 28. g4 1-0

[Event "29th SPRING FESTIVAL -  BUDAPEST"]
[Site "Budapest"]
[Date "2012.03.18"]
[Round "1.20"]
[White "Czipp, Janos"]
[Black "Cross, Ted"]
[Result "0-1"]
[WhiteElo "1426"]
[BlackElo "2041"]
[PlyCount "92"]
[EventDate "2012.03.18"]

1. d4 Nf6 2. c4 e6 3. Nc3 Bb4 4. e3 c5 5. Nf3 O-O 6. Bd3 d5 7. O-O Bxc3 8. bxc3
Nc6 9. cxd5 exd5 10. dxc5 Qa5 11. a4 Bg4 12. Bb2 Rfd8 13. Be2 Rd7 14. Nd4 Bxe2
15. Qxe2 Qxc5 16. Rfc1 Ne5 17. Ba3 Qc4 18. Qc2 Rc8 19. Nf5 Qc7 20. Bd6 Rxd6 21.
Nxd6 Qxd6 22. Qf5 Re8 23. Rab1 b6 24. Rb4 g6 25. Qc2 Rc8 26. f3 Qc5 27. Kf2 Re8
28. Rd4 Nc6 29. Rd3 Rc8 30. Qd2 Ne5 31. Rd4 Re8 32. Re1 Qc7 33. Kg1 Nc4 34. Qc1
Nd6 35. Re2 h6 36. Qe1 Re5 37. Qc1 Kg7 38. Qc2 Nf5 39. Rd3 Qc5 40. Kf2 Nd6 41.
Rd4 Rf5 42. Ke1 Rh5 43. h3 Re5 44. Kf2 Re7 45. Kf1 Nf5 46. e4 Nxd4 0-1

[Event "29th SPRING FESTIVAL -  BUDAPEST"]
[Site "Budapest"]
[Date "2012.03.19"]
[Round "2.1"]
[White "Juhasz, Armin"]
[Black "Hujbert, Florian"]
[Result "1/2-1/2"]
[WhiteElo "2192"]
[BlackElo "2429"]
[PlyCount "50"]
[EventDate "2012.03.18"]

1. d4 Nf6 2. c4 g6 3. Nc3 d5 4. Bf4 Bg7 5. e3 O-O 6. cxd5 Nxd5 7. Nxd5 Qxd5 8.
Bxc7 Na6 9. Bxa6 Qxg2 10. Qf3 Qxf3 11. Nxf3 bxa6 12. Rc1 f6 13. Rg1 Rf7 14. Ke2
Bd7 15. b3 e5 16. a4 Be6 17. dxe5 Bxb3 18. exf6 Bxf6 19. Ng5 Rd7 20. Ne4 Bb2
21. Rc5 Bxa4 22. Be5 Bxe5 23. Rxe5 Rf8 24. f4 Bb5+ 25. Kf2 Bc6 1/2-1/2

[Event "29th SPRING FESTIVAL -  BUDAPEST"]
[Site "Budapest"]
[Date "2012.03.19"]
[Round "2.2"]
[White "Horvath, David"]
[Black "Borda, Lajos"]
[Result "1-0"]
[WhiteElo "2389"]
[BlackElo "2135"]
[PlyCount "91"]
[EventDate "2012.03.18"]

1. Nf3 Nf6 2. c4 c5 3. Nc3 Nc6 4. g3 g6 5. Bg2 Bg7 6. O-O O-O 7. d4 cxd4 8.
Nxd4 Nxd4 9. Qxd4 d6 10. e4 Bd7 11. Qd3 Bc6 12. Bd2 a5 13. b3 Nd7 14. Rac1 Re8
15. h3 Nc5 16. Qe2 b6 17. f4 e6 18. Rfd1 Ra7 19. Be1 Rd7 20. Bf2 Qa8 21. Re1 f5
22. Bxc5 bxc5 23. exf5 gxf5 24. Nb5 Bxg2 25. Qxg2 Qxg2+ 26. Kxg2 Kf7 27. Rcd1
Red8 28. Re3 h5 29. Rde1 Re7 30. Kf3 e5 31. Rd1 exf4 32. Rxe7+ Kxe7 33. Kxf4
Be5+ 34. Kxf5 Rf8+ 35. Ke4 Rf2 36. Kd5 Rxa2 37. Kc6 a4 38. Rd3 axb3 39. Rxb3
Ra4 40. Kd5 Ra1 41. Nxd6 Bxd6 42. Rb7+ Kf6 43. Kxd6 Ra3 44. Rh7 Rxg3 45. Rxh5
Kg6 46. Rh4 1-0

[Event "29th SPRING FESTIVAL -  BUDAPEST"]
[Site "Budapest"]
[Date "2012.03.19"]
[Round "2.3"]
[White "Juracsik, Jozsef"]
[Black "Zentai, Peter"]
[Result "1-0"]
[WhiteElo "2136"]
[BlackElo "2269"]
[PlyCount "67"]
[EventDate "2012.03.18"]

1. e4 e6 2. d4 d5 3. Nc3 Nc6 4. Nf3 Nf6 5. e5 Ne4 6. Ne2 f6 7. Ng3 f5 8. c3 Be7
9. h4 O-O 10. Nh5 Na5 11. Nf4 c5 12. Bd3 Nc6 13. Be3 cxd4 14. Nxd4 Nxd4 15.
Bxd4 Nc5 16. Bc2 Qe8 17. Qe2 Bd7 18. O-O-O Qf7 19. Kb1 b5 20. Rdg1 b4 21. g4
Rfb8 22. gxf5 bxc3 23. b3 Ne4 24. f3 Rb4 25. Be3 exf5 26. fxe4 dxe4 27. Nh5 g6
28. Nf6+ Bxf6 29. exf6 Qxf6 30. h5 Be8 31. hxg6 Bxg6 32. Qh2 Qg7 33. Qd6 Rab8
34. Rxg6 1-0

[Event "29th SPRING FESTIVAL -  BUDAPEST"]
[Site "Budapest"]
[Date "2012.03.19"]
[Round "2.4"]
[White "Bach, Matthias"]
[Black "Marjanovics, Gyorgy"]
[Result "1-0"]
[WhiteElo "2263"]
[BlackElo "2116"]
[PlyCount "93"]
[EventDate "2012.03.18"]

1. d4 g6 2. c4 Bg7 3. f4 c5 4. d5 d6 5. e4 e6 6. Nc3 exd5 7. cxd5 Ne7 8. Nf3
Bg4 9. Be2 O-O 10. O-O a6 11. a4 Nd7 12. Re1 Nc8 13. h3 Bxf3 14. Bxf3 Re8 15.
Be3 Qc7 16. Qd2 Na7 17. Kh1 b5 18. e5 b4 19. Ne4 Nxe5 20. fxe5 Bxe5 21. Bg5 Kg7
22. Bf4 a5 23. Bxe5+ Rxe5 24. Nf2 Rae8 25. Ng4 Rxe1+ 26. Rxe1 Rxe1+ 27. Qxe1
Qd8 28. Qd2 h5 29. Ne3 Nc8 30. Nc4 Nb6 31. Nxb6 Qxb6 32. b3 Qd8 33. Qf4 Qe7 34.
Kh2 f5 35. h4 Qf6 36. Kh3 Kf7 37. g3 Ke8 38. Qc4 Ke7 39. Qe2+ Kf7 40. Qe3 Kf8
41. Qe6 Qxe6 42. dxe6 c4 43. bxc4 b3 44. Bd1 b2 45. Bc2 Ke7 46. Kg2 Kxe6 47.
Kf3 1-0

[Event "29th SPRING FESTIVAL -  BUDAPEST"]
[Site "Budapest"]
[Date "2012.03.19"]
[Round "2.5"]
[White "Farkas, Richard"]
[Black "Nagy, Ervin"]
[Result "1-0"]
[WhiteElo "2121"]
[BlackElo "2256"]
[PlyCount "65"]
[EventDate "2012.03.18"]

1. e4 d6 2. d4 Nf6 3. Nc3 g6 4. Bg5 h6 5. Be3 a6 6. f3 b5 7. Qd2 Nbd7 8. Nh3
Bb7 9. a3 c6 10. Nf2 Qc7 11. Be2 e5 12. O-O g5 13. Nh1 Nh5 14. Ng3 Nxg3 15.
hxg3 Bg7 16. Rad1 O-O-O 17. d5 c5 18. Ra1 Rdf8 19. Rfb1 Kd8 20. b4 Ke7 21. a4
cxb4 22. Rxb4 Rc8 23. Nd1 bxa4 24. Rc4 Qb8 25. Rcxa4 Nc5 26. Ra5 Rhd8 27. Bxc5
Rxc5 28. Rxc5 dxc5 29. Qa5 Qa7 30. Qc7+ Rd7 31. d6+ Ke8 32. Bb5 c4+ 33. Kh2 1-0

[Event "29th SPRING FESTIVAL -  BUDAPEST"]
[Site "Budapest"]
[Date "2012.03.19"]
[Round "2.6"]
[White "Kubacsny, Laszlo"]
[Black "Bodrogi, Mihaly"]
[Result "1-0"]
[WhiteElo "2256"]
[BlackElo "2076"]
[PlyCount "84"]
[EventDate "2012.03.18"]

1. e4 c5 2. Nf3 d6 3. d4 cxd4 4. Nxd4 Nf6 5. Nc3 g6 6. Be2 Bg7 7. O-O O-O 8.
Re1 Nc6 9. Nb3 Be6 10. Bf1 Rc8 11. Nd5 a5 12. a4 Nd7 13. c3 Nc5 14. Be3 Bxd5
15. exd5 Ne5 16. Bd4 Ned7 17. Nxc5 Nxc5 18. Bxg7 Kxg7 19. Bb5 Rc7 20. Qe2 Qc8
21. Rad1 f5 22. f3 Rf7 23. b4 axb4 24. cxb4 Na6 25. Qb2+ Kg8 26. Rc1 Rf8 27. a5
Qb8 28. Rxc7 Qxc7 29. Rc1 Qd8 30. Qc3 Kf7 31. Qc4 Qa8 32. Bd7 Qa7+ 33. Kf1 Rd8
34. Be6+ Kg7 35. Qc3+ Kh6 36. f4 Qb8 37. Qd4 Nc7 38. Rc3 g5 39. fxg5+ Kg6 40.
Rh3 Nxe6 41. Rh6+ Kf7 42. dxe6+ Kg8 1-0

[Event "29th SPRING FESTIVAL -  BUDAPEST"]
[Site "Budapest"]
[Date "2012.03.19"]
[Round "2.7"]
[White "Piroska, Istvan"]
[Black "Szalanczy, Emil"]
[Result "0-1"]
[WhiteElo "2082"]
[BlackElo "2237"]
[PlyCount "44"]
[EventDate "2012.03.18"]

1. e4 c5 2. Nf3 d6 3. d4 cxd4 4. Nxd4 Nf6 5. Nc3 g6 6. Be3 Bg7 7. f3 Nc6 8. Qd2
O-O 9. Bc4 Bd7 10. O-O-O Rc8 11. Bb3 Ne5 12. Kb1 Rc5 13. g4 Qa5 14. h4 Rfc8 15.
h5 Rxc3 16. bxc3 Nxf3 17. Qf2 Bxg4 18. hxg6 Nxe4 19. Bxf7+ Kf8 20. Qxf3 Nxc3+
21. Ka1 Nxd1 22. Bh6 Bxf3 0-1

[Event "29th SPRING FESTIVAL -  BUDAPEST"]
[Site "Budapest"]
[Date "2012.03.19"]
[Round "2.8"]
[White "Brustkern, Juergen"]
[Black "Gal, Hanna Krisztina"]
[Result "0-1"]
[WhiteElo "2237"]
[BlackElo "2057"]
[PlyCount "108"]
[EventDate "2012.03.18"]

1. e4 c5 2. Nf3 e6 3. d4 cxd4 4. Nxd4 a6 5. c4 Nf6 6. Nc3 Qc7 7. Qe2 d6 8. g4
Nc6 9. Nxc6 bxc6 10. Bg2 Be7 11. g5 Nd7 12. h4 Bb7 13. f4 c5 14. Be3 Nb8 15.
O-O Nc6 16. Qf2 h6 17. a3 Na5 18. Qe2 hxg5 19. hxg5 Nb3 20. Rad1 O-O-O 21. Qg4
Kb8 22. Rd3 Na5 23. b3 g6 24. Rb1 Ka8 25. Bf2 Bc6 26. Qe2 Rb8 27. b4 Nxc4 28.
Rdd1 Nb6 29. Qxa6+ Qa7 30. Qe2 Na4 31. Rdc1 Nxc3 32. Rxc3 Qa4 33. Rbc1 Bb5 34.
Qc2 Qxc2 35. R1xc2 Ba4 36. Ra2 Rhc8 37. e5+ d5 38. bxc5 Rb1+ 39. Kh2 Kb7 40.
Rd2 Kc6 41. Rd4 Ra8 42. Rdd3 Bb5 43. Rh3 Ra4 44. Kg3 Ra1 45. Kg4 Ra2 46. Kg3
R2xa3 47. Rxa3 Rxa3+ 48. Kh2 Rxh3+ 49. Bxh3 Bxc5 50. Kg3 Bxf2+ 51. Kxf2 Kc5 52.
Ke3 Kc4 53. Bf1+ Kb4 54. Bh3 Kc3 0-1

[Event "29th SPRING FESTIVAL -  BUDAPEST"]
[Site "Budapest"]
[Date "2012.03.19"]
[Round "2.9"]
[White "Cross, Ted"]
[Black "Keschitz, Gyorgy"]
[Result "0-1"]
[WhiteElo "2041"]
[BlackElo "2223"]
[PlyCount "71"]
[EventDate "2012.03.18"]

1. e4 c5 2. Nc3 Nc6 3. f4 e6 4. Nf3 a6 5. d3 d5 6. g3 Nf6 7. e5 Nd7 8. Bg2 b5
9. O-O Nb6 10. Ne2 Be7 11. c3 O-O 12. b3 Bb7 13. Bb2 a5 14. g4 c4 15. d4 b4 16.
Nd2 Ba6 17. bxc4 Nxc4 18. Nxc4 Bxc4 19. Rf3 Qb6 20. Kh1 bxc3 21. Bxc3 Bxe2 22.
Qxe2 Nxd4 23. Bxd4 Qxd4 24. Rd1 Qa4 25. f5 Bg5 26. Rdf1 Rfc8 27. h4 Rc2 28. Qd3
Qxa2 29. hxg5 Rxg2 30. Rh3 Rxg4 31. Qf3 exf5 32. Rh2 Qc4 33. e6 fxe6 34. Re1
Rxg5 35. Rhe2 Qh4+ 36. Rh2 0-1

[Event "29th SPRING FESTIVAL -  BUDAPEST"]
[Site "Budapest"]
[Date "2012.03.19"]
[Round "2.10"]
[White "Koczo, Kristof"]
[Black "Varga, Attila"]
[Result "1-0"]
[WhiteElo "2219"]
[BlackElo "1758"]
[PlyCount "51"]
[EventDate "2012.03.18"]

1. d4 d5 2. c4 c6 3. Nf3 Nf6 4. Nc3 e6 5. Bg5 Be7 6. e3 Nbd7 7. cxd5 cxd5 8.
Bd3 O-O 9. O-O a6 10. a4 b6 11. Rc1 Bb7 12. Qe2 h6 13. Bh4 Ne8 14. Bg3 Bd6 15.
Rc2 Bxg3 16. hxg3 Nd6 17. Rfc1 Qe7 18. Na2 Rfc8 19. Rxc8+ Nxc8 20. Rc7 Nd6 21.
Ne5 Bc8 22. Qc2 Qd8 23. Qc6 Nb8 24. Qxd6 Qxd6 25. Rxc8+ Qf8 26. Bh7+ 1-0

[Event "29th SPRING FESTIVAL -  BUDAPEST"]
[Site "Budapest"]
[Date "2012.03.19"]
[Round "2.11"]
[White "Grimm, Gyorgy"]
[Black "Lim, Kian Hwa"]
[Result "0-1"]
[WhiteElo "2066"]
[BlackElo "1839"]
[PlyCount "120"]
[EventDate "2012.03.18"]

1. e4 e5 2. Nf3 Nc6 3. Bb5 a6 4. Ba4 Nf6 5. O-O b5 6. Bb3 Be7 7. Re1 d6 8. c3
O-O 9. d3 Na5 10. Bc2 c5 11. Nbd2 Nc6 12. Nf1 Re8 13. Ng3 g6 14. h3 Bf8 15. d4
cxd4 16. cxd4 Bg7 17. Bg5 h6 18. Be3 Bb7 19. Qd2 Kh7 20. a4 Qa5 21. Qxa5 Nxa5
22. axb5 axb5 23. dxe5 dxe5 24. Bd2 Nc4 25. Rxa8 Rxa8 26. Bc3 Rc8 27. Bd3 Nd7
28. b3 Nd6 29. Bb4 Nc5 30. Bc2 f6 31. Re3 Na6 32. Bxd6 Rxc2 33. Rd3 Nc5 34.
Bxc5 Rxc5 35. Nd2 Rc1+ 36. Kh2 Rc7 37. Ngf1 h5 38. Rd6 f5 39. exf5 gxf5 40. Ng3
e4 41. Rb6 Be5 42. h4 Bc6 43. Kh3 Bd4 44. Rxc6 Rxc6 45. Nxf5 Rc3+ 46. g3 e3 47.
fxe3 Bxe3 48. Nf1 Bc5 49. Nd2 Kg6 50. Ne4 Rc2 51. g4 b4 52. Kg3 Bf8 53. Ne3 Rb2
54. gxh5+ Kxh5 55. Ng2 Rxb3+ 56. Kf4 Bh6+ 57. Kf5 Rf3+ 58. Ke5 b3 59. Ne1 Re3
60. Ng2 Rxe4+ 0-1